000 00462 a2200121 4500
001 ART_7673
005 20260410161720.0
008 260409a
245 1 0 _aLa Auditoría y la responsabilidad social y ambiental empresaria en entes con sistemas de información integrados (ERP)
100 1 _aFronti de García, Luisa
700 1 _aSuárez Kimura, Elsa Beatriz
773 0 _tContabilidad y auditoría
_g- Año 14, Nº 28 (dic. 2008)
_wREV1723
999 _c16910
_d16910